000 01174pam a2200313 a 4500
001 1456
005 20250724111632.0
020 _a0679863729 (pbk.)
040 _aDLC
_cDLC
_dDLC
_beng
050 0 0 _aPZ7.O81167
_bAf 1995
082 0 0 _aFic
_220
100 1 _aOsborne, Mary Pope.
245 1 0 _aAfternoon on the Amazon /
_cby Mary Pope Osborne ; illustrated by Sal Murdocca.
260 _aNew York :
_bRandom House,
_c1995.
300 _a67 pages :
_billustrations ;
_c20 cm
490 _aMagic Tree House
_vBook 6
500 _a"A First stepping stone book."
505 _aK
520 _aEight-year-old Jack, his seven-year-old sister, Annie, and Peanut the mouse ride in a tree house to the Amazon rain forests, where they encounter giant ants, flesh-eating piranhas, hungry crocodiles, and wild jaguars.
521 _a510
_bLexile
521 _aK
_bRaz-Plus
650 1 _aRain forests
_xFiction.
650 1 _aRain forest animals
_xFiction.
650 1 _aAdventure and adventurers
_xFiction.
650 1 _aTree houses
_xFiction.
700 1 _aMurdocca, Sal
_eillustrator
906 _a7
_bcbc
_corignew
_d1
_eocip
_f19
_gy-gencatlg
942 _2ddc
_cBK
_n0
999 _c1456
_d1456